000 00670nam a2200229Ia 4500
003 OSt
005 20221005122109.0
006 a|||||r|||| 00| 0
007 ta
008 221004b |||||||| |||| 00| 0 eng d
024 _a63870
037 _cTextual
040 _aCRL
_cCRL
_beng
041 _2eng
_aeng
082 _aV25376:7, A
100 _aFrancklin William
_9631484
245 0 _aInquiry concerning the site of ancient palibothra, conjectured to lie within the limits of the modern district of Bhaugulpoor, etc.
260 _c1870
650 _aHISTORY
942 _hV25376:7, A
_cTEXL
_2cc
999 _c1043251
_d1043251